Statistics for U.S. Attorneys General Quiz

Click here to take the quiz!

General Stats

  • This quiz has been taken 42 times
  • The average score is 17 of 83

Answer Stats

TermAttorney General% Correct
2019-,
1991-1993
William Barr
83%
1993-2001Janet Reno
78%
2017-2018Jeff Sessions
69%
1961-1964Robert F. Kennedy
67%
2009-2015Eric Holder
58%
2015-2017Loretta Lynch
44%
2005-2007Alberto Gonzales
42%
2001-2005John Ashcroft
39%
1940-1941Robert H. Jackson
33%
1885-1889Augustus Garland
28%
1985-1988Edwin Meese
28%
1981-1985William French Smith
28%
1876-1877Alphonso Taft
25%
1973Elliot Richardson
25%
1871-1875George Henry Williams
25%
1849-1850Reverdy Johnson
25%
1988-1991Dick Thornburgh
22%
1969-1972John N. Mitchell
22%
1929-1933William D. Mitchell
22%
1795-1801Charles Lee
19%
1860-1961Edwin Stanton
19%
1857-1860Jeremiah S. Black
19%
2007-2009Michael Mukasey
19%
1965-1966Nicholas Katzenbach
19%
1967-1969Ramsey Clark
19%
1831-1833Roger B. Taney
19%
1945-1949Tom C. Clark
19%
1979-1981Benjamin Civiletti
17%
1789-1794Edmund Randolph
17%
1861-1864Edward Bates
17%
1975-1977Edward H. Levi
17%
1977-1979Griffin Bell
17%
1924-1925Harlan F. Stone
17%
1841-1843Hugh S. Legaré
17%
1801-1805Levi Lincoln Sr.
17%
1901-1904Philander C. Knox
17%
1974-1975William B. Saxbe
17%
1957-1961William P. Rogers
17%
1919-1921A. Mitchell Palmer
14%
1870-1871Amos T. Akerman
14%
1833-1838Benjamin Franklin Butler
14%
1807-1811Caesar Augustus Rodney
14%
1906-1909Charles Bonaparte
14%
1941-1945Francis Biddle
14%
1939-1940Frank Murphy
14%
1909-1913George W. Wickersham
14%
1840-1841Henry D. Gilpin
14%
1953-1957Herbert Brownell Jr.
14%
1848-1849Isaac Toucey
14%
1913-1914James C. McReynolds
14%
1850-1853,
1841
John J. Crittenden
14%
1829-1831John Macpherson Berrien
14%
1843-1845John Nelson
14%
1898-1901John W. Griggs
14%
1845-1846John Y. Mason
14%
1972-1973Richard Kleindienst
14%
1814-1817Richard Rush
14%
1914-1919Thomas Watt Gregory
14%
1794-1795William Bradford
14%
1904-1906William Henry Moody
14%
1889-1893William H. H. Miller
14%
1881-1885Benjamin H. Brewster
11%
1853-1857Caleb Cushing
11%
1877-1881Charles Devens
11%
1869-1870Ebenezer R. Hoar
11%
1875-1876Edwards Pierrepont
11%
1838-1840Felix Grundy
11%
1921-1924Harry M. Daugherty
11%
1866-1868Henry Stanbery
11%
1933-1939Homer Stille Cummings
11%
1952-1953James P. McGranery
11%
1864-1866James Speed
11%
1949-1952J. Howard McGrath
11%
1805-1806John Breckinridge
11%
1925-1929John G. Sargent
11%
1897-1898Joseph McKenna
11%
1895-1897Judson Harmon
11%
1846-1848Nathan Clifford
11%
1893-1895Richard Olney
11%
1881Wayne MacVeagh
11%
1868-1869William M. Evarts
11%
1811-1814William Pinkney
11%
1817-1829William Wirt
11%

Score Distribution

Percentile by Number Answered

Percent of People with Each Score

Your Score History

You have not taken this quiz